| 000 | 01954cam a2200337 a 4500 | ||
|---|---|---|---|
| 001 | 2158107 | ||
| 003 | NUST-PNEC | ||
| 005 | 20170116180700.0 | ||
| 008 | 990519s2000 caua 001 0 eng | ||
| 010 | _a 99032079 | ||
| 020 | _a0534362702 | ||
| 020 | _a053437350X | ||
| 020 | _a053437400X | ||
| 040 |
_aDLC _cPNEC |
||
| 050 | 0 | 0 |
_aQC21.2 _b.H43 2000 |
| 082 | 0 | 0 | _a530 HEC |
| 100 | 1 | _aHecht, Eugene. | |
| 245 | 1 | 0 |
_aPhysics :Calculus / _cEugene Hecht. |
| 250 | _a2nd ed. | ||
| 260 |
_aPacific Grove, CA : _bBrooks/Cole, _cc2000. |
||
| 300 |
_a2 v. : _bill. (some col.) ; _c29 cm. + _e2 computer laser optical discs (4 3/4 in.) |
||
| 500 | _aIncludes indexes. http://www.amazon.com/Physics-Calculus-CD-ROM-Eugene-Hecht/dp/0534362702/ref=sr_1_1?ie=UTF8&qid=1410167068&sr=8-1&keywords=0534362702 | ||
| 538 | _aSystem requirements for accompanying computer discs: Windows 95, 98, NT or higher (3.1 not supported); Intel Pentium (or equivalent) and higher; 24MB RAM (32MB recommended); monitor 800x600 resoultion, minimum 256 colors; CD-ROM drive quad speed or higher; browser, MSIE 4.01 or higher, Netscape 4.06 or higher, installer for MSIE 5.0 on disc; plug-ins, Shickwave 7 or higher -- Macintosh; Mac OS 7.6 or higher; Power PC and higher (68040 not supported); 32MB RAM recommended; monitor 800x600 resolution, minimum 256 colors; CD-ROM drive quad speed or higher; browser MSIE 4.5 or higher (Netscape not supported), installer for MSIE 5.0 on disc; plug-ins Shockwave 7 or higher; Java requires MRJ 2.1.2 or higher. | ||
| 650 | 0 |
_aPhysics. _xME |
|
| 650 | 0 | _aCalculus. | |
| 650 | 0 | _aMathematical physics. | |
| 906 |
_a7 _bcbc _corignew _d1 _eocip _f19 _gy-gencatlg |
||
| 942 |
_2ddc _cBK |
||
| 999 |
_c60537 _d60537 |
||